| 000 | 00447nam a22001697a 4500 | ||
|---|---|---|---|
| 003 | NUST - PNEC | ||
| 005 | 20170116180924.0 | ||
| 008 | 150905b xxu||||| |||| 00| 0 eng d | ||
| 020 | _a- | ||
| 040 | _cLIBRARY | ||
| 082 | _a621.3 ATK | ||
| 100 |
_97941 _aAtkinson, G.H. |
||
| 245 |
_aSolution of problems in advanced electrical engineering _cG.H. Atkinson |
||
| 260 | _ac.1919 | ||
| 650 |
_97945 _aElectrical engineering _xEE |
||
| 942 |
_2ddc _cBK |
||
| 999 |
_c65720 _d65720 |
||